000 00364nam a2200157Ia 4500
008 151213s9999 xx 000 0 und d
100 _aS.Biswas
245 _aEnglish - Bengali dictionary
_cS.Biswas
250 _a3rd
260 _aKolkata
_bS.Samsad
_c2003
300 _a2537 p.
650 _aEnglish
650 _aEnglish
700 _aS.Biswas
999 _c1716
_d1716